000
00301nam a22001217a 4500
008
180924b xxu||||| |||| 00| 0 eng d
041
_a
eng
080
_a
341
100
_a
16
101
_a
HIS
245
_a
The American Socity Of Agronomy 100 Years Of History
_c
Moser/L/M
942
_2
udc
_c
BK
999
_c
48356
_d
48356